2025 NCAA Basketball Teams - Statistics

General Stats
  • This quiz has been taken 29 times
  • The average score is 131 of 364
Answer Stats
Answer % Correct
Abilene Christian
83%
Alabama
83%
Alabama A&M
83%
Akron
67%
Alabama Birmingham
67%
Alabama State
67%
Albany
67%
Arizona
67%
Arizona State
67%
Arkansas
67%
Arkansas State
67%
Auburn
67%
Boston College
67%
Boston University
67%
Brigham Young
67%
Air Force
58%
American
58%
Appalachian State
58%
Ball State
58%
Baylor
58%
Boise State
58%
Brown
58%
Buffalo
58%
California
58%
Army
50%
Austin Peay
50%
Bellarmine
50%
Belmont
50%
Bethune Cookman
50%
Bowling Green
50%
Bradley
50%
Butler
50%
Alcorn State
42%
Binghamton
42%
Bryant
42%
Bucknell
42%
California Baptist
42%
Cal Poly
42%
Central Arkansas
42%
Central Connecticut State
42%
Central Florida
42%
Central Michigan
42%
Charleston
42%
Charleston Southern
42%
Charlotte
42%
Chattanooga
42%
Chicago
42%
Chicago State
42%
Cincinnati
42%
Cleveland State
42%
Coastal Carolina
42%
Colgate
42%
Colorado
42%
Colorado State
42%
Columbia
42%
Coppin State
42%
Cornell
42%
Creighton
42%
Texas
42%
UConn
42%
Utah
42%
Utah State
42%
Utah Tech
42%
Virginia
42%
Virginia Tech
42%
Washington
42%
Washington State
42%
Weber State
42%
Campbell
33%
Canisius
33%
CSU Bakersfield
33%
CSU Fullerton
33%
CSU Northridge
33%
Dartmouth
33%
Davidson
33%
Dayton
33%
Delaware
33%
Delaware State
33%
Denver
33%
Depaul
33%
Detroit Mercy
33%
Drake
33%
Drexel
33%
Duke
33%
Duquesne
33%
East Carolina
33%
Eastern Illinois
33%
Eastern Kentucky
33%
Eastern Michigan
33%
Eastern Washington
33%
East Tennessee State
33%
East Texas A&M
33%
Elon
33%
Evansville
33%
Fairfield
33%
Florida
33%
Florida A&M
33%
Florida Atlantic
33%
Florida International
33%
Florida State
33%
Fordham
33%
Fresno State
33%
Furman
33%
Gardner Webb
33%
George Mason
33%
Georgetown
33%
George Washington
33%
Georgia
33%
Georgia Southern
33%
Georgia State
33%
Georgia Tech
33%
Gonzaga
33%
Grambling State
33%
Grand Canyon
33%
Green Bay
33%
Hampton
33%
Harvard
33%
Hawaii
33%
High Point
33%
Hofstra
33%
Holy Cross
33%
Houston
33%
Houston Christian
33%
Howard
33%
Idaho
33%
Idaho State
33%
Illinois
33%
Illinois State
33%
Incarnate Word
33%
Indiana
33%
Indiana State
33%
Iona
33%
Iowa
33%
Iowa State
33%
IUPUI
33%
Jackson State
33%
Jacksonville
33%
Jacksonville State
33%
James Madison
33%
Kansas
33%
Kansas City
33%
Kansas State
33%
Kennesaw State
33%
Kent State
33%
Kentucky
33%
Lafayette
33%
Lamar
33%
Lehigh
33%
Liberty
33%
Lindenwood
33%
Lipscomb
33%
Little Rock
33%
Long Beach State
33%
Long Island
33%
Louisiana
33%
Louisiana Monroe
33%
Louisiana State
33%
Louisiana Tech
33%
Louisville
33%
Loyola Chicago
33%
Loyola Maryland
33%
Loyola Marymount
33%
Maine
33%
Marist
33%
Marquette
33%
Marshall
33%
Maryland
33%
Maryland Baltimore County
33%
Maryland Eastern Shore
33%
McNeese State
33%
Memphis
33%
Mercer
33%
Mercyhurst
33%
Merrimack
33%
Miami
33%
Miami
33%
Michigan
33%
Michigan State
33%
Middle Tennessee
33%
Milwaukee
33%
Minnesota
33%
Mississippi
33%
Mississippi State
33%
Mississippi Valley State
33%
Missouri
33%
Missouri State
33%
Monmouth
33%
Montana
33%
Montana State
33%
Morehead State
33%
Morgan State
33%
Mount St Marys
33%
Murray State
33%
Navy
33%
Nebraska
33%
Nevada
33%
Nevada Las Vegas
33%
New Hampshire
33%
New Mexico
33%
New Mexico State
33%
New Orleans
33%
Nicholls State
33%
NJIT
33%
Norfolk State
33%
North Alabama
33%
North Arizona
33%
North Carolina
33%
North Carolina A&T
33%
North Carolina State
33%
North Dakota
33%
North Dakota State
33%
Northeastern
33%
Northern Colorado
33%
Northern Illinois
33%
Northern Iowa
33%
North Florida
33%
North Kentucky
33%
North Texas
33%
Northwestern
33%
Northwestern State
33%
Notre Dame
33%
Oakland
33%
Ohio
33%
Ohio State
33%
Oklahoma
33%
Oklahoma State
33%
Old Dominion
33%
Omaha
33%
Oral Roberts
33%
Oregon
33%
Oregon State
33%
Pacific
33%
Penn
33%
Penn State
33%
Pepperdine
33%
Pine Bluff
33%
Pittsburgh
33%
Portland
33%
Portland State
33%
Presbyterian
33%
Princeton
33%
Providence
33%
Purdue
33%
Purdue Fort Wayne
33%
Queens
33%
Quinnipiac
33%
Radford
33%
Rhode Island
33%
Rice
33%
Richmond
33%
Robert Morris
33%
Rutgers
33%
Sacred Heart
33%
Sam Houston State
33%
San Diego
33%
San Diego State
33%
San Francisco
33%
San Jose State
33%
Santa Clara
33%
Seattle
33%
Siena
33%
SIU Edwardsville
33%
South Alabama
33%
South Carolina
33%
South Carolina State
33%
South Carolina Upstate
33%
South Dakota
33%
South Dakota State
33%
Southeastern Louisiana
33%
Southeast Missouri State
33%
Southern
33%
Southern California
33%
Southern Illinois
33%
Southern Indiana
33%
Southern Methodist
33%
Southern Miss
33%
Southern Utah
33%
South Florida
33%
St Bonaventure
33%
St Francis
33%
St Johns
33%
St Josephs
33%
St Louis
33%
St Marys
33%
Stone Hill
33%
St Peters
33%
St Thomas
33%
Syracuse
33%
Tarleton State
33%
Tennessee
33%
Tennessee Martin
33%
Tennessee State
33%
Tennessee Tech
33%
Texas A&M
33%
Texas A&M Corpus Christi
33%
Texas Southern
33%
Texas State
33%
Texas Tech
33%
The Citadel
33%
Toledo
33%
Towson
33%
Troy
33%
Tulane
33%
Tulsa
33%
UC Davis
33%
UC Irvine
33%
UC Riverside
33%
UC San Diego
33%
UC Santa Barbara
33%
UMass
33%
UMass Lowell
33%
UNC Asheville
33%
UNC Greensboro
33%
UNC Wilmington
33%
Utah Valley
33%
UT Arlington
33%
UT El Paso
33%
UT Rio Grande Valey
33%
UT San Antonio
33%
Valparaiso
33%
Vanderbilt
33%
Vermont
33%
Villanova
33%
Virginia Military
33%
Wake Forest
33%
Western Carolina
33%
Western Illinois
33%
Western Kentucky
33%
Western Michigan
33%
West Georgia
33%
West Virginia
33%
Wichita State
33%
Winthrop
33%
Wisconsin
33%
Wofford
33%
Wright State
33%
Wyoming
33%
Xavier
33%
Yale
33%
Youngstown State
33%
Clemson
25%
Fairleigh Dickinson
25%
Florida Gulf Coast
25%
La Salle
25%
Le Moyne
25%
Longwood
25%
Manhattan
25%
Niagara
25%
North Carolina Central
25%
Prairie View A&M
25%
Rider
25%
Sacramento State
25%
Samford
25%
Seton Hall
25%
Stanford
25%
Stephen F Austin
25%
Stony Brook
25%
Temple
25%
Texas Christian
25%
UC Los Angeles
25%
Virginia Commonwealth
25%
Wagner
25%
William and Mary
25%
Stetson
17%
No matching quizzes found
Score Distribution
Percent of People with Each Score
Percentile by Number Answered
Your Score History
You have not taken this quiz